| 000 | 00934cab a2200253 4500 | ||
|---|---|---|---|
| 001 | WB3146-35 | ||
| 008 | 090401t1995 xxu||||| |||| 00| 0 eng d | ||
| 035 | _a(Sirsi) u45810 | ||
| 041 | _aeng | ||
| 245 | _aAdvertisement control | ||
| 260 | _c1995 | ||
| 350 | _a0 | ||
| 490 |
_aEstates Gazette Case Summaries _v1995 EGCS 184 (2/12/95) |
||
| 520 | _a"Cheque Point UK Ltd and another v SoS Environment and another" QBD 17 November 1995. Upheld the SoS`s decision accepting the local planning authority`s objection to size and character of illuminated fascia board in a conservation area. | ||
| 650 | _aADVERTISING HOARDINGS | ||
| 650 | _aCONSERVATION AREA | ||
| 650 | _aDEEMED PERMISSION | ||
| 650 | _aDISCONTINUANCE NOTICE | ||
| 650 | _aILLUMINATED FASCIA BOARD | ||
| 650 | _aTOWN AND COUNTRY PLANNING (CONTROL OF ADVERTISEMENTS) | ||
| 690 | _aPLANNING LAW AND PRACTICE-CASE LAW | ||
| 942 | _n0 | ||
| 948 | _c04/03/1997 | ||
| 999 |
_c28984 _d28984 |
||